| Tag |
First Indicator |
Second Indicator |
Subfields |
| LEADER |
00000cem a22000007a 4500 |
| 001 |
in00002781314 |
| 005 |
20150922133728.0 |
| 007 |
aj canzn |
| 008 |
121101s1978 txu a 0 eng d |
| 034 |
0 |
|
|a a
|
| 040 |
|
|
|d UtOrBLW
|
| 052 |
|
|
|a 4034
|b C6
|
| 090 |
|
|
|a G4034.C6 1978
|b .C6
|
| 245 |
0 |
0 |
|a Colorado City :
|b a fisherman's paradise in West Texas.
|
| 255 |
|
|
|a Scale not given.
|
| 264 |
|
1 |
|a [Colorado City, Tex.] :
|b [Chamber of Commerce],
|c [1978?]
|
| 300 |
|
|
|a 1 map :
|b color ;
|c 28 x 27 cm.
|
| 336 |
|
|
|a cartographic image
|b cri
|2 rdacontent
|
| 337 |
|
|
|a unmediated
|b n
|2 rdamedia
|
| 338 |
|
|
|a sheet
|b nb
|2 rdacarrier
|
| 500 |
|
|
|a Title from panel.
|
| 500 |
|
|
|a Oriented with north toward the upper right.
|
| 500 |
|
|
|a Shows streets, roads, highways, and points of interest.
|
| 500 |
|
|
|a Includes text and inset map showing location of Champion Creek Lake, Lake Colorado City, Fisher Park, and New State Park.
|
| 500 |
|
|
|a Includes text and ill. on verso.
|
| 500 |
|
|
|a Cartographic material.
|
| 651 |
|
0 |
|a Colorado City (Tex.)
|v Maps.
|
| 948 |
|
|
|a needs original cataloging
|c 2012/11/1
|e agaffey
|
| 999 |
|
|
|a MARS
|
| 999 |
f |
f |
|s 8c6479bd-bdf7-3bc0-a417-e9c05733ef5d
|i fed22821-c556-39b4-bb80-8c5b30c0ac36
|t 0
|
| 952 |
f |
f |
|p normal
|a Texas A&M University
|b College Station
|c Sterling C. Evans Library
|d Evans: Maps (2nd floor)
|t 0
|e G4034.C6 1978 .C6
|h Library of Congress classification
|i unmediated -- sheet
|m A14832556042
|
| 998 |
f |
f |
|a G4034.C6 1978 .C6
|t 0
|l Evans: Maps (2nd floor)
|